01430nam a2200361 i 450000500170000000700030001700800410002002000180006104000350007904100080011408400120012210000480013424500930018225000220027526400380029730000490033533600270038433700330041133800280044449000370047252100610050954500740057060000740064460000770071865000520079565000510084765000400089865000290093865000320096770000390099994200150103899900150105320220317002027.0ta201110s2019 ck a br 000 1dspa d a9789580010159 aCO-BoRNBPbspaerdacCO-BoRNBP0 aspa aLM GAR31 aGarcía Domínguez, Ramónd1946-eautor11a¡Por todos los dioses! cRamón García Domínguez ; ilustraciones de Felipe Camargo aSegunda edición 1aBogotábEducactivabNormac2019 a101 páginasbilustraciones a color c20 cm 2rdacontentatextobtxt 2rdamediaasin mediaciónbn 2rdacarrieravolumenbnc0 aTorre de papel.aTorre amarilla  aRecomendado para un público infantil mayor de 9 años aIncluye datos biográficos del autor e ilustrador al final del texto 0aHomerodca. siglo VIII a. C.tOdiseaxAdaptaciones literarias9158313 0aHomerodca. siglo VIII a. C.tLa IliadaxAdaptaciones literarias9158314172LEMBaLeyendas infantiles españolasySiglo XX172LEMBaLiteratura infantil españolaySiglo XX172LEMBaAutores españolesySiglo XX172LEMBaMitología griega172LEMBaMitología clásica1 aCamargo, Felipeeilustrador923516 2loccBKLIT c8942d8942